| 000 | 00581nam a2200217Ia 4500 | ||
|---|---|---|---|
| 003 | OSt | ||
| 005 | 20230331112851.0 | ||
| 008 | 210423s2017 xx 000 0 und d | ||
| 020 | _a978-81-8094-110-8 | ||
| 040 | _cAL | ||
| 041 | _aeng | ||
| 082 |
_a574.072 _223 _bGURR |
||
| 100 |
_aGURUMANI (N) _980759 |
||
| 245 | _aResearch methodology: for biological sciences | ||
| 260 |
_aChennai _bMJP Publishers _c2017 |
||
| 300 |
_axxvii,753 _bPB |
||
| 365 |
_b795 _cINR |
||
| 650 |
_aBiology _980760 |
||
| 906 | _abiological ; methodology: ; Research ; sciences | ||
| 942 |
_2ddc _cBK |
||
| 999 |
_c168883 _d168883 |
||